000 00302nam a2200121Ia 4500
008 241015s9999 xx 000 0 und d
041 _aeng
082 _a658.15 TAI
100 _aTaillard
245 _aCorporate Finance For Dummies
260 _bWiley India
_aNew Delhi
_c2022
300 _a342;. P. 23 cm
999 _c41861
_d41861